000 00886nam a2200277Ia 4500
003 OSt
005 20220918171008.0
006 a|||||r|||| 00| 0
007 ta
008 220917b |||||||| |||| 00| 0 eng d
020 _a9781118952320 (pbk)
_cUSD 27.95
024 _a317,394
037 _bBBS/43, 01/03/2017, Better Book Services
_cTextual
040 _aARTS
_cARTS
_beng
041 _2eng
_aeng
082 _aV73:19.N5, Q5
100 _aDoenecke Justus D. Au.
_932972
245 0 _aFrom isolation to war
_b 1931-1941
250 _a4th
260 _aWest Sussax
_b John Wiley USA
_c2015
300 _ax,285p.
_ccm.
650 _aUNITED STATES - FOREIGN RELATIONS
_932973
700 _a Wilz John E.
_932974
942 _hV73:19.N5, Q5
_cTEXL
_2CC
999 _c137167
_d137167